[Event "Hart House Reading Week op"]
[Site "Toronto CAN"]
[Date "2017.02.18"]
[Round "2"]
[White "Chen, Richard"]
[Black "Morrison, Robert"]
[Result "1-0"]
[WhiteElo "2340"]
[BlackElo "2299"]
[WhiteFideId "-1"]
[WhiteFideId "-1"]
[PlyCount "115"]
[GameId "2160767908478440"]
[EventDate "2017.02.18"]
[EventType "swiss"]
[EventRounds "6"]
[EventCountry "CAN"]
[SourceTitle "EXT 2022"]
[Source "ChessBase"]
[SourceDate "2021.10.06"]
[SourceVersion "1"]
[SourceVersionDate "2021.10.06"]
[SourceQuality "1"]

1. e4 d5 2. exd5 Qxd5 3. Nc3 Qd6 4. d4 Nf6 5. Nge2 c6 6. Bf4 Qb4 7. f3 Bf5 8. a3 Qb6 9. Qd2 Nbd7 10. Ng3 Bg6 11. Bc4 e6 12. Nge4 Nxe4 13. fxe4 Nf6 14. Bd3 Rd8 15. Be5 a6 16. Na4 Qa7 17. Bc7 Rc8 18. Bb6 Qb8 19. e5 Nd7 20. O-O Nxb6 21. Nxb6 Rd8 22. Bxg6 hxg6 23. Qf4 Qc7 24. c4 g5 25. Qf2 Rh4 26. c5 Rdxd4 27. b4 Rhf4 28. Qe3 Rfe4 29. Qf2 Rf4 30. Qe3 Rde4 31. Qd3 Rxe5 32. Rad1 f5 33. Rxf4 gxf4 34. Qf3 g6 35. Qc3 Rd5 36. Nxd5 cxd5 37. Qf6 Qf7 38. Qe5 Qe7 39. Re1 Kf7 40. Qxf4 Bg7 41. Qf3 a5 42. Qd3 axb4 43. axb4 Qh4 44. Rb1 Bd4+ 45. Kh1 Be5 46. g3 Bxg3 47. Rb2 Be5 48. Re2 Qf4 49. Qh3 Kg7 50. Qg2 Bd4 51. Re1 Be5 52. b5 Bd4 53. c6 bxc6 54. bxc6 Qd6 55. Rc1 Bb6 56. Qb2+ d4 57. Qxb6 Qf4 58. Qb2 1-0

[Event "Hart House Reading Week op"]
[Site "Toronto CAN"]
[Date "2017.02.18"]
[Round "2"]
[White "Hua, Eugene"]
[Black "Issani, Nameer"]
[Result "1-0"]
[WhiteElo "2303"]
[BlackElo "2205"]
[WhiteFideId "-1"]
[WhiteFideId "-1"]
[PlyCount "105"]
[GameId "2160767908478441"]
[EventDate "2017.02.18"]
[EventType "swiss"]
[EventRounds "6"]
[EventCountry "CAN"]
[SourceTitle "EXT 2022"]
[Source "ChessBase"]
[SourceDate "2021.10.06"]
[SourceVersion "1"]
[SourceVersionDate "2021.10.06"]
[SourceQuality "1"]

1. c4 e5 2. g3 Nf6 3. Bg2 Nc6 4. Nc3 Bc5 5. Nf3 d6 6. d3 a6 7. a3 O-O 8. O-O h6 9. h3 Be6 10. b4 Ba7 11. Bb2 Nh5 12. e3 f5 13. b5 axb5 14. cxb5 Na5 15. Kh2 Nf6 16. d4 e4 17. Nd2 d5 18. a4 c6 19. Ba3 Rf7 20. bxc6 bxc6 21. Nb3 Nxb3 22. Qxb3 g5 23. Rfb1 f4 24. Bc5 Bb8 25. exf4 gxf4 26. Nxe4 Nxe4 27. Bxe4 fxg3+ 28. fxg3 Rg7 29. Rg1 Qc8 30. Bf3 Bxh3 31. Qe3 Bf5 32. Rg2 Qd8 33. Kg1 Bh3 34. Qxh6 Bxg2 35. Qe6+ Kh8 36. Bxg2 Bxg3 37. Rf1 Qh4 38. Rf6 Bf4 39. Kf1 Rxg2 40. Kxg2 Rg8+ 41. Rg6 Qh2+ 42. Kf3 Qh5+ 43. Rg4 Qh1+ 44. Kxf4 Qf1+ 45. Ke5 Qe2+ 46. Kf6 Qf3+ 47. Qf5 Qxg4 48. Qxg4 Rxg4 49. a5 Rg2 50. a6 Rf2+ 51. Ke6 Kg7 52. a7 Ra2 53. Kd7 1-0

[Event "Hart House Reading Week op"]
[Site "Toronto CAN"]
[Date "2017.02.18"]
[Round "2"]
[White "Liu, Lambert"]
[Black "Mark, Eddie"]
[Result "1/2-1/2"]
[WhiteElo "2194"]
[BlackElo "2275"]
[WhiteFideId "-1"]
[WhiteFideId "-1"]
[PlyCount "71"]
[GameId "2160767908478442"]
[EventDate "2017.02.18"]
[EventType "swiss"]
[EventRounds "6"]
[EventCountry "CAN"]

1. e4 e5 2. Nf3 d6 3. Bc4 Be7 4. O-O Nf6 5. d3 O-O 6. Re1 Nc6 7. a4 Bg4 8. c3 Qd7 9. Nbd2 Rad8 10. h3 Bh5 11. Nf1 Rfe8 12. Ng3 Bg6 13. a5 a6 14. Qb3 Rb8 15. Ng5 Bf8 16. Nf5 h6 17. Nh4 Bh5 18. Ngf3 Bxf3 19. Nxf3 Qe7 20. Nh4 Nh5 21. Nf5 Qf6 22. Qd1 Nf4 23. Qg4 Qg5 24. Qxg5 hxg5 25. g3 Ne6 26. Bxe6 fxe6 27. Ne3 Be7 28. b4 Rbd8 29. Ba3 d5 30. exd5 exd5 31. Ng4 Bf8 32. Rab1 e4 33. d4 Na7 34. Bc1 Be7 35. Be3 Nb5 36. Rbc1 1/2-1/2

[Event "Hart House Reading Week op"]
[Site "Toronto CAN"]
[Date "2017.02.18"]
[Round "2"]
[White "Noritsyn, Sergey"]
[Black "Yu, Jonathan"]
[Result "1-0"]
[WhiteElo "2248"]
[BlackElo "2168"]
[WhiteFideId "-1"]
[WhiteFideId "-1"]
[PlyCount "61"]
[GameId "2160767908478445"]
[EventDate "2017.02.18"]
[EventType "swiss"]
[EventRounds "6"]
[EventCountry "CAN"]
[SourceTitle "EXT 2022"]
[Source "ChessBase"]
[SourceDate "2021.10.06"]
[SourceVersion "1"]
[SourceVersionDate "2021.10.06"]
[SourceQuality "1"]

1. e4 e6 2. d4 d5 3. Nc3 Bb4 4. e5 c5 5. a3 Bxc3+ 6. bxc3 Qc7 7. Nf3 Ne7 8. Bd3 b6 9. O-O Ba6 10. a4 Bxd3 11. Qxd3 Nd7 12. Ba3 Nc6 13. Ng5 h6 14. Qh3 Ke7 15. Nf3 Na5 16. Nd2 g6 17. Rfe1 Kf8 18. Rad1 Kg7 19. c4 Nxc4 20. Nxc4 dxc4 21. d5 Nf8 22. Qc3 Kh7 23. Qxc4 exd5 24. Rxd5 Ne6 25. Rd6 Rhe8 26. Bc1 Rad8 27. Qh4 g5 28. Bxg5 f6 29. Qxh6+ Kg8 30. Bxf6 Rxd6 31. exd6 1-0

[Event "Hart House Reading Week op"]
[Site "Toronto CAN"]
[Date "2017.02.18"]
[Round "2"]
[White "Plotkin, Victor"]
[Black "Liang, Hairan"]
[Result "1-0"]
[WhiteElo "2401"]
[BlackElo "2164"]
[WhiteFideId "-1"]
[WhiteFideId "-1"]
[PlyCount "105"]
[GameId "2160767908478446"]
[EventDate "2017.02.18"]
[EventType "swiss"]
[EventRounds "6"]
[EventCountry "CAN"]
[SourceTitle "EXT 2022"]
[Source "ChessBase"]
[SourceDate "2021.10.06"]
[SourceVersion "1"]
[SourceVersionDate "2021.10.06"]
[SourceQuality "1"]

1. d4 Nf6 2. Nf3 e6 3. e3 c5 4. Bd3 b6 5. O-O Bb7 6. b3 Be7 7. Bb2 O-O 8. Nbd2 Nc6 9. c4 cxd4 10. exd4 d5 11. Qe2 Nb4 12. Bb1 Bd6 13. a3 Nc6 14. Ne5 Rc8 15. Rd1 Qc7 16. Bd3 Qb8 17. Rac1 Ne7 18. Ndf3 Qa8 19. Ne1 Rfe8 20. Qe3 Ng6 21. Bxg6 hxg6 22. c5 Bf8 23. b4 Bc6 24. Qb3 b5 25. Qh3 Nd7 26. N1f3 Nxe5 27. Ng5 Bxc5 28. dxc5 Qb8 29. Qh7+ Kf8 30. Qh8+ Ke7 31. Qxg7 Ng4 32. Qxf7+ Kd8 33. Qh7 Qf4 34. Qh4 Kc7 35. Rd4 Qxf2+ 36. Qxf2 Nxf2 37. Kxf2 e5 38. Rh4 d4 39. Ne4 Rf8+ 40. Ke2 Rcd8 41. Kd3 Bd5 42. Re1 Bc4+ 43. Kd2 Rf7 44. Rg4 Rdf8 45. Kc1 Bd3 46. Nd2 Rf5 47. Nf3 Re8 48. Bxd4 e4 49. Nh4 Rd5 50. Be3 Red8 51. Nxg6 Bc4 52. Nf4 R5d7 53. Rg6 1-0

[Event "Hart House Reading Week op"]
[Site "Toronto CAN"]
[Date "2017.02.19"]
[Round "3"]
[White "Issani, Nameer"]
[Black "Liang, Hairan"]
[Result "0-1"]
[WhiteElo "2205"]
[BlackElo "2164"]
[WhiteFideId "-1"]
[WhiteFideId "-1"]
[PlyCount "130"]
[GameId "2160767908478450"]
[EventDate "2017.02.18"]
[EventType "swiss"]
[EventRounds "6"]
[EventCountry "CAN"]
[SourceTitle "EXT 2022"]
[Source "ChessBase"]
[SourceDate "2021.10.06"]
[SourceVersion "1"]
[SourceVersionDate "2021.10.06"]
[SourceQuality "1"]

1. d4 Nf6 2. c4 e6 3. Nc3 Bb4 4. e3 O-O 5. Nge2 d5 6. a3 Be7 7. cxd5 Nxd5 8. e4 Nxc3 9. Nxc3 c5 10. d5 exd5 11. Nxd5 Nc6 12. Be3 b6 13. Bb5 Bb7 14. Qa4 Nd4 15. Bxd4 cxd4 16. Qxd4 Bc5 17. Qd2 f5 18. Bc4 fxe4 19. Nc7+ Kh8 20. Qxd8 Bxf2+ 21. Ke2 Raxd8 22. Ne6 e3 23. Nxd8 Rxd8 24. Rhd1 Rf8 25. Rd7 Bxg2 26. Rf7 Rxf7 27. Bxf7 Bh3 28. Bd5 Bg4+ 29. Bf3 Bd7 30. a4 Kg8 31. b4 Kf7 32. b5 Be6 33. Ra3 Kf6 34. Rc3 Ke5 35. Rc7 Kf4 36. h3 g6 37. Bg4 Bd5 38. Rd7 Bc4+ 39. Kd1 Bb3+ 40. Kc1 h5 41. Be2 Kg3 42. Rxa7 Be1 43. Kb2 Bd5 44. Rd7 Be4 45. Re7 Kf4 46. Re6 Ba5 47. Rf6+ Bf5 48. Rf8 Kg3 49. Kc1 Kxh3 50. Re8 Bd2+ 51. Kd1 Kg3 52. a5 Bxa5 53. Rxe3+ Kg2 54. Re5 h4 55. Bc4 h3 56. Bd5+ Kg1 57. Re3 Bg4+ 58. Kc2 Kf2 59. Ra3 Bb4 60. Ra4 Bf3 61. Bxf3 Kxf3 62. Rxb4 g5 63. Kd2 g4 64. Rb1 g3 65. Ke1 h2 0-1

[Event "Hart House Reading Week op"]
[Site "Toronto CAN"]
[Date "2017.02.19"]
[Round "3"]
[White "Itkin, David"]
[Black "Yu, Wenlu"]
[Result "1-0"]
[WhiteElo "2292"]
[BlackElo "2138"]
[WhiteFideId "-1"]
[WhiteFideId "-1"]
[PlyCount "71"]
[GameId "2160767908478451"]
[EventDate "2017.02.18"]
[EventType "swiss"]
[EventRounds "6"]
[EventCountry "CAN"]
[SourceTitle "EXT 2022"]
[Source "ChessBase"]
[SourceDate "2021.10.06"]
[SourceVersion "1"]
[SourceVersionDate "2021.10.06"]
[SourceQuality "1"]

1. e4 c5 2. Nf3 d6 3. d4 cxd4 4. Nxd4 Nf6 5. f3 g6 6. c4 Bg7 7. Be3 Nc6 8. Nc3 O-O 9. Qd2 Nxd4 10. Bxd4 Be6 11. Be2 Rc8 12. b3 a6 13. O-O Qa5 14. Qb2 Qg5 15. Rad1 Bh3 16. Rf2 e5 17. f4 exf4 18. Nd5 Nxd5 19. Bxg7 Ne3 20. Bf6 Qa5 21. b4 Nxd1 22. Bxd1 Qb6 23. gxh3 Rxc4 24. Bh8 f6 25. Bxf6 d5 26. Bh8 Rf7 27. exd5 Qe3 28. d6 Rc1 29. Qd2 Rd7 30. Bb2 Rb1 31. Kg2 Rxb2 32. Qd5+ Kg7 33. Rxb2 h5 34. Rd2 Kh6 35. h4 Kh7 36. Qd4 1-0

[Event "Hart House Reading Week op U1900"]
[Site "Toronto CAN"]
[Date "2017.02.17"]
[Round "1"]
[White "Shah, Omar"]
[Black "Tan, Kylie"]
[Result "1-0"]
[WhiteElo "1848"]
[BlackElo "1663"]
[WhiteFideId "-1"]
[WhiteFideId "-1"]
[PlyCount "91"]
[GameId "2160767908478457"]
[EventDate "2017.02.17"]
[EventType "team"]
[EventRounds "6"]
[EventCountry "CAN"]
[SourceTitle "hb 2019"]

1. e4 d5 2. exd5 Qxd5 3. Nc3 Qa5 4. d4 Nf6 5. Bd2 Bg4 6. Nf3 Nc6 7. Bb5 O-O-O 8. Bxc6 bxc6 9. h3 Qh5 10. Qe2 Bxf3 11. gxf3 Qa5 12. O-O-O Qb6 13. Be3 Qb7 14. Rd3 e6 15. Ne4 Qa6 16. Nc3 Nd5 17. Nxd5 cxd5 18. Kb1 Bd6 19. Rg1 Rhg8 20. Bg5 Rde8 21. Qd2 Kd7 22. Rb3 h6 23. Bf4 Be7 24. Be5 g5 25. Rc1 Rb8 26. Qc3 Rbc8 27. Qd3 Qc6 28. c4 Qa8 29. cxd5 Qxd5 30. Rbc3 Bd6 31. Qh7 Ke7 32. Bg7 a5 33. Qxh6 Qf5+ 34. Ka1 f6 35. h4 Bf4 36. Rc5 gxh4 37. Qxh4 Bg5 38. Qh2 Bf4 39. Rxf5 Bxh2 40. Bxf6+ Kd7 41. Rh5 Bf4 42. Rh7+ Kd6 43. Be7+ Kd5 44. Rh5+ Kxd4 45. Rd1+ Kc4 46. Rc5+ 1-0

[Event "Hart House Reading Week op U1900"]
[Site "Toronto CAN"]
[Date "2017.02.17"]
[Round "2"]
[White "Ramesh, Bharath"]
[Black "Shah, Omar"]
[Result "1-0"]
[WhiteElo "1662"]
[BlackElo "1848"]
[WhiteFideId "-1"]
[WhiteFideId "-1"]
[PlyCount "61"]
[GameId "2160767908478458"]
[EventDate "2017.02.17"]
[EventType "team"]
[EventRounds "6"]
[EventCountry "CAN"]
[SourceTitle "hb 2019"]

1. e4 c5 2. c3 e6 3. d4 b6 4. Nf3 Bb7 5. Bd3 Nf6 6. Bg5 Be7 7. e5 Ne4 8. Bxe7 Qxe7 9. O-O Ng5 10. Nbd2 f5 11. exf6 gxf6 12. Nxg5 fxg5 13. Qh5+ Qf7 14. Qe2 cxd4 15. cxd4 Nc6 16. d5 Nd8 17. Ne4 Ke7 18. d6+ Ke8 19. Nxg5 Qg7 20. Qh5+ Nf7 21. f4 h6 22. Nxf7 Qxf7 23. Qxf7+ Kxf7 24. f5 Rag8 25. fxe6+ Ke8 26. exd7+ Kd8 27. Rf2 Rg7 28. Bf5 Rf8 29. Rc1 Rxf5 30. Rxf5 Rxg2+ 31. Kf1 1-0

[Event "Hart House Reading Week op U1900"]
[Site "Toronto CAN"]
[Date "2017.02.18"]
[Round "3"]
[White "Shah, Omar"]
[Black "Todd, Adie"]
[Result "1/2-1/2"]
[WhiteElo "1848"]
[BlackElo "1643"]
[WhiteFideId "-1"]
[WhiteFideId "-1"]
[PlyCount "113"]
[GameId "2160767908478459"]
[EventDate "2017.02.17"]
[EventType "team"]
[EventRounds "6"]
[EventCountry "CAN"]
[SourceTitle "hb 2019"]

1. e4 c5 2. Nf3 d6 3. d4 cxd4 4. Nxd4 Nf6 5. Nc3 g6 6. Be3 Bg7 7. f3 O-O 8. Qd2 Nc6 9. O-O-O Bd7 10. Kb1 Rc8 11. g4 Ne5 12. h4 h5 13. Bh6 Rxc3 14. Bxg7 Kxg7 15. Qxc3 hxg4 16. f4 Nc6 17. Bg2 Nxd4 18. Qxd4 Bc6 19. h5 Qb6 20. Qxb6 axb6 21. hxg6 Kxg6 22. Rde1 Ra8 23. b3 b5 24. Rh4 Rg8 25. c3 Ra8 26. Re2 e5 27. fxe5 dxe5 28. Rf2 Rd8 29. Kc2 Kg5 30. Rh2 Nxe4 31. Re2 f5 32. Rh7 Kf6 33. Rh6+ Kf7 34. Rxc6 bxc6 35. Bxe4 fxe4 36. Rg2 e3 37. Rxg4 Rd2+ 38. Kc1 Rxa2 39. Re4 e2 40. Rxe5 Ra3 41. Kb2 Ra8 42. Rxe2 Re8 43. Rd2 Re6 44. Ka3 Ke7 45. Kb4 Rd6 46. Re2+ Kd7 47. Kc5 Rd5+ 48. Kb6 Rd3 49. Rc2 Kd6 50. Rc1 Kd5 51. c4+ bxc4 52. bxc4+ Kd6 53. Rb1 Rd2 54. Rb3 Rd1 55. Rb2 Rd3 56. Rb1 Rd2 57. Rb3 1/2-1/2

[Event "Hart House Reading Week op U1900"]
[Site "Toronto CAN"]
[Date "2017.02.18"]
[Round "4"]
[White "Hanratty, Brian"]
[Black "Shah, Omar"]
[Result "0-1"]
[WhiteElo "1634"]
[BlackElo "1848"]
[WhiteFideId "-1"]
[WhiteFideId "-1"]
[PlyCount "56"]
[GameId "2160767908478460"]
[EventDate "2017.02.17"]
[EventType "team"]
[EventRounds "6"]
[EventCountry "CAN"]
[SourceTitle "hb 2019"]

1. e4 c5 2. Nf3 d6 3. g3 b6 4. Bg2 Bb7 5. d3 Nd7 6. Nbd2 e6 7. O-O Ngf6 8. b3 Be7 9. Bb2 O-O 10. Re1 Qc7 11. Nf1 Rfd8 12. Ne3 a6 13. h4 Bf8 14. Bh3 Re8 15. Kh2 g6 16. g4 Bg7 17. Rg1 Nxg4+ 18. Nxg4 Bxb2 19. Rb1 Bg7 20. Qe2 h5 21. Ne3 d5+ 22. Kh1 dxe4 23. dxe4 Bxe4 24. Nc4 Qf4 25. Rg3 b5 26. Ne3 Ne5 27. Ng2 Bxf3 28. Rxf3 Qxf3 0-1

[Event "Hart House Reading Week op U1900"]
[Site "Toronto CAN"]
[Date "2017.02.19"]
[Round "5"]
[White "Itkin, Victor"]
[Black "Shah, Omar"]
[Result "0-1"]
[WhiteElo "1752"]
[BlackElo "1848"]
[WhiteFideId "-1"]
[WhiteFideId "-1"]
[PlyCount "66"]
[GameId "2160767908478461"]
[EventDate "2017.02.17"]
[EventType "team"]
[EventRounds "6"]
[EventCountry "CAN"]
[SourceTitle "hb 2019"]

1. e4 c5 2. Nf3 d6 3. d4 cxd4 4. Nxd4 Nf6 5. Nc3 a6 6. Bc4 e6 7. Bb3 Nbd7 8. Be3 Nc5 9. f3 Be7 10. Qd2 O-O 11. g4 Nfd7 12. O-O-O Nxb3+ 13. Nxb3 Ne5 14. Qe2 b5 15. f4 Nc4 16. Bd4 Bd7 17. Nd2 Rc8 18. Nxc4 Rxc4 19. Rd2 Qa5 20. Qe3 Rb8 21. Kb1 Rb7 22. Rhd1 Rcc7 23. f5 b4 24. Nd5 exd5 25. e5 Rc3 26. Qf4 dxe5 27. Bxe5 Rc4 28. Rxd5 Qxd5 29. Rxd5 Rxf4 30. Bxf4 Bc6 31. Rd2 Rd7 32. Re2 Rd1+ 33. Bc1 Bg5 0-1

[Event "Hart House Reading Week op U1900"]
[Site "Toronto CAN"]
[Date "2017.02.19"]
[Round "6"]
[White "Shah, Omar"]
[Black "Li, Eric M"]
[Result "0-1"]
[WhiteElo "1848"]
[BlackElo "1697"]
[WhiteFideId "-1"]
[WhiteFideId "-1"]
[PlyCount "95"]
[GameId "2160767908478462"]
[EventDate "2017.02.17"]
[EventType "team"]
[EventRounds "6"]
[EventCountry "CAN"]
[SourceTitle "hb 2019"]

1. e4 c5 2. Nf3 Nc6 3. d4 cxd4 4. Nxd4 Qb6 5. Nb3 Nf6 6. Nc3 e6 7. Be3 Qc7 8. a3 Be7 9. f3 a6 10. Qd2 O-O 11. Qf2 b5 12. g4 d6 13. h4 Ne5 14. h5 Bb7 15. g5 Nfd7 16. O-O-O Rfc8 17. Be2 Nf8 18. Rdg1 Nc4 19. Bxc4 bxc4 20. Nd4 Rab8 21. g6 Bf6 22. h6 fxg6 23. hxg7 Bxg7 24. Qh2 Qf7 25. Rg4 e5 26. Nf5 gxf5 27. Rxg7+ Kxg7 28. Qh6+ Kh8 29. Bg5 Qg6 30. Qh4 fxe4 31. Rg1 exf3 32. Bf6+ Kg8 33. Rxg6+ Nxg6 34. Qg4 Rf8 35. Qe6+ Rf7 36. Nd1 Rbf8 37. Nf2 h6 38. Ng4 Kh7 39. Qxc4 h5 40. Nf2 Rxf6 41. Qc7+ R8f7 42. Qc4 e4 43. Kd2 d5 44. Qd4 Ne7 45. Qe5 Nf5 46. Nh3 e3+ 47. Ke1 f2+ 48. Kf1 0-1

[Event "Jack Taylor mem."]
[Site "Victoria CAN"]
[Date "2017.11.17"]
[Round "1"]
[White "Gansvind, Valeriya"]
[Black "Machado de Oliveira, Nicolau"]
[Result "1/2-1/2"]
[WhiteElo "2188"]
[BlackElo "1738"]
[WhiteFideId "-1"]
[WhiteFideId "-1"]
[PlyCount "129"]
[GameId "2160767908300652"]
[EventDate "2017.11.17"]
[EventType "swiss"]
[EventRounds "5"]
[EventCountry "CAN"]
[SourceTitle "EXT 2022"]
[Source "ChessBase"]
[SourceDate "2021.10.06"]
[SourceVersion "1"]
[SourceVersionDate "2021.10.06"]
[SourceQuality "1"]

1. d4 f5 2. Bg5 Nf6 3. Bxf6 exf6 4. e3 d5 5. Bd3 Bd6 6. Qf3 g6 7. h4 h5 8. Ne2 c6 9. g3 Be6 10. Nd2 Qe7 11. Nf4 Bf7 12. a3 Nd7 13. Ng2 Nf8 14. Qe2 Ne6 15. c3 Ng7 16. c4 dxc4 17. Bxc4 Ne6 18. Rc1 O-O 19. O-O Kg7 20. Rfd1 Rfe8 21. Nb1 Rad8 22. Qf1 a5 23. a4 Rd7 24. Nc3 Red8 25. Ne2 g5 26. d5 cxd5 27. Rxd5 f4 28. Rdd1 f3 29. Nc3 fxg2 30. Qxg2 Nf8 31. Bb5 Rc7 32. hxg5 fxg5 33. Be2 Be5 34. Rxd8 Qxd8 35. Rd1 Qe7 36. Nb5 Rd7 37. Rxd7 Qxd7 38. f4 Bxb2 39. Bf3 Bc1 40. Qe2 Qd2 41. Qxd2 Bxd2 42. Kf2 gxf4 43. gxf4 Bb4 44. Nd4 b6 45. Nc6 Bc5 46. Ne5 Ne6 47. Nxf7 Kxf7 48. Bxh5+ Kf6 49. Kf3 Ng7 50. Bg4 Nf5 51. e4 Nd4+ 52. Kg3 Ne6 53. e5+ Ke7 54. f5 Nc7 55. Kf4 b5 56. f6+ Kf8 57. axb5 Nxb5 58. e6 a4 59. e7+ Bxe7 60. fxe7+ Kxe7 61. Ke5 Nc7 62. Kd4 Kd6 63. Kc3 Nd5+ 64. Kb2 Kc5 65. Bd1 1/2-1/2

[Event "Jack Taylor mem."]
[Site "Victoria CAN"]
[Date "2017.11.17"]
[Round "1"]
[White "Kenney, Jason"]
[Black "Lehingrat, Callum"]
[Result "1-0"]
[WhiteElo "2233"]
[BlackElo "1762"]
[WhiteFideId "-1"]
[WhiteFideId "-1"]
[PlyCount "113"]
[GameId "2160767908300653"]
[EventDate "2017.11.17"]
[EventType "swiss"]
[EventRounds "5"]
[EventCountry "CAN"]
[SourceTitle "EXT 2022"]
[Source "ChessBase"]
[SourceDate "2021.10.06"]
[SourceVersion "1"]
[SourceVersionDate "2021.10.06"]
[SourceQuality "1"]

1. d4 Nf6 2. c4 e6 3. Nc3 c5 4. d5 exd5 5. cxd5 d6 6. Nf3 g6 7. Bf4 a6 8. a4 Bg7 9. h3 O-O 10. e3 Qc7 11. Be2 Nbd7 12. O-O Re8 13. Nd2 Ne5 14. Bg3 b6 15. f4 Ned7 16. e4 Bb7 17. Re1 Bh6 18. Qc2 g5 19. fxg5 Bxg5 20. Nc4 Ne5 21. Nxe5 dxe5 22. Rf1 Nd7 23. Bg4 Nf8 24. Qe2 Ng6 25. Bf5 Bc8 26. Qg4 Qe7 27. Bxc8 Raxc8 28. Rf5 Be3+ 29. Kh1 Kh8 30. d6 Qxd6 31. Rxf7 Qe6 32. Qxe6 Rxe6 33. Ra7 b5 34. axb5 axb5 35. Rb7 b4 36. Nd5 Bd4 37. Raa7 Nf8 38. Bh4 c4 39. Rc7 Rxc7 40. Rxc7 Bxb2 41. Rxc4 Ng6 42. Bf6+ Kg8 43. Rxb4 Ba3 44. Rb7 Bf8 45. h4 Nf4 46. Nxf4 Rxf6 47. Nh5 Rh6 48. g4 Re6 49. Kg2 Re7 50. Rb8 Kf7 51. Kf3 Re6 52. g5 h6 53. Kg4 hxg5 54. hxg5 Rd6 55. Kf5 Re6 56. g6+ Rxg6 57. Rxf8+ 1-0

[Event "Jack Taylor mem."]
[Site "Victoria CAN"]
[Date "2017.11.17"]
[Round "1"]
[White "Richardson, Ross"]
[Black "McLaren, Brian"]
[Result "0-1"]
[WhiteElo "1736"]
[BlackElo "2148"]
[WhiteFideId "-1"]
[WhiteFideId "-1"]
[PlyCount "94"]
[GameId "2160767908300654"]
[EventDate "2017.11.17"]
[EventType "swiss"]
[EventRounds "5"]
[EventCountry "CAN"]
[SourceTitle "EXT 2022"]
[Source "ChessBase"]
[SourceDate "2021.10.06"]
[SourceVersion "1"]
[SourceVersionDate "2021.10.06"]
[SourceQuality "1"]

1. Nf3 Nf6 2. d4 c5 3. e3 e6 4. b3 b6 5. Bd3 Bb7 6. Nbd2 Be7 7. O-O d6 8. Bb2 Nbd7 9. Qe2 a6 10. a4 O-O 11. Rfe1 Re8 12. Rac1 Bf8 13. e4 cxd4 14. Bxd4 e5 15. Be3 d5 16. Bg5 Qc7 17. c4 dxe4 18. Nxe4 Nxe4 19. Bxe4 Bxe4 20. Qxe4 Nc5 21. Qc2 e4 22. Nd2 Nd3 23. Rxe4 Nxc1 24. Qxc1 Rxe4 25. Nxe4 Re8 26. Nc3 Qe5 27. h4 Qe1+ 28. Qxe1 Rxe1+ 29. Kh2 Bc5 30. Kg3 f5 31. Bd2 Rf1 32. f3 Bd4 33. Nd5 g6 34. h5 a5 35. hxg6 hxg6 36. b4 axb4 37. Nxb4 Ra1 38. Nc6 Ra2 39. Be1 Bc5 40. a5 bxa5 41. Nxa5 Rc2 42. Kf4 Bb6 43. g4 Bxa5 44. Bxa5 Rxc4+ 45. Kg5 fxg4 46. fxg4 Rc5+ 47. Kxg6 Rxa5 0-1

[Event "Jack Taylor mem."]
[Site "Victoria CAN"]
[Date "2017.11.17"]
[Round "1"]
[White "Schnabel, Bennett"]
[Black "Stewart, Deron"]
[Result "1-0"]
[WhiteElo "2110"]
[BlackElo "1716"]
[WhiteFideId "-1"]
[WhiteFideId "-1"]
[PlyCount "41"]
[GameId "2160767908300655"]
[EventDate "2017.11.17"]
[EventType "swiss"]
[EventRounds "5"]
[EventCountry "CAN"]
[SourceTitle "EXT 2022"]
[Source "ChessBase"]
[SourceDate "2021.10.06"]
[SourceVersion "1"]
[SourceVersionDate "2021.10.06"]
[SourceQuality "1"]

1. e4 e5 2. Nf3 Nc6 3. Bb5 a6 4. Bxc6 dxc6 5. O-O f6 6. d4 exd4 7. Nxd4 Bc5 8. Qh5+ Kf8 9. Qxc5+ Ne7 10. Nc3 Qe8 11. Nf5 Be6 12. Bf4 Rc8 13. Rfd1 Kf7 14. Nd4 Ng6 15. Nxe6 Qxe6 16. Bg3 Rhe8 17. h3 b6 18. Qd4 Re7 19. f4 Nf8 20. f5 Qd7 21. Qc4+ 1-0

[Event "Jack Taylor mem."]
[Site "Victoria CAN"]
[Date "2017.11.18"]
[Round "2"]
[White "Manguerra, Raymond"]
[Black "Kenney, Jason"]
[Result "0-1"]
[WhiteElo "1954"]
[BlackElo "2233"]
[WhiteFideId "-1"]
[WhiteFideId "-1"]
[PlyCount "100"]
[GameId "2160767908300656"]
[EventDate "2017.11.17"]
[EventType "swiss"]
[EventRounds "5"]
[EventCountry "CAN"]
[SourceTitle "EXT 2022"]
[Source "ChessBase"]
[SourceDate "2021.10.06"]
[SourceVersion "1"]
[SourceVersionDate "2021.10.06"]
[SourceQuality "1"]

1. Nf3 Nf6 2. g3 g6 3. Bg2 Bg7 4. O-O O-O 5. d3 c5 6. e4 Nc6 7. Re1 d6 8. Nbd2 Rb8 9. a4 a6 10. c3 Nd7 11. Nb3 b5 12. axb5 axb5 13. d4 e5 14. Be3 exd4 15. cxd4 c4 16. Nc1 Nb6 17. d5 Ne5 18. Nd4 Na4 19. Qd2 Bd7 20. h3 Qc7 21. f4 c3 22. bxc3 Nc4 23. Qd3 Nxe3 24. Rxe3 Nxc3 25. Ncb3 b4 26. Kh2 Rfe8 27. Rae1 Nb5 28. Rc1 Qb6 29. Nc6 Bxc6 30. Rxc6 Qd8 31. h4 Nc3 32. Qc4 f5 33. e5 dxe5 34. d6+ Kh8 35. fxe5 Rxe5 36. Rxe5 Bxe5 37. h5 Qg5 38. Qd3 Qxh5+ 39. Bh3 Rd8 40. d7 Ne4 41. Rc8 Qg5 42. Rxd8+ Qxd8 43. Qd5 Bxg3+ 44. Kg2 Bh4 45. Kf1 Be7 46. Nd4 Nf6 47. Qe5 Qxd7 48. Nxf5 gxf5 49. Bxf5 Qd6 50. Qe3 Qc5 0-1

[Event "Jack Taylor mem."]
[Site "Victoria CAN"]
[Date "2017.11.18"]
[Round "2"]
[White "McLaren, Brian"]
[Black "Gu, Chuyang"]
[Result "1-0"]
[WhiteElo "2148"]
[BlackElo "1794"]
[WhiteFideId "-1"]
[WhiteFideId "-1"]
[PlyCount "97"]
[GameId "2160767908300657"]
[EventDate "2017.11.17"]
[EventType "swiss"]
[EventRounds "5"]
[EventCountry "CAN"]
[SourceTitle "EXT 2022"]
[Source "ChessBase"]
[SourceDate "2021.10.06"]
[SourceVersion "1"]
[SourceVersionDate "2021.10.06"]
[SourceQuality "1"]

1. e4 c5 2. Nc3 Nc6 3. g3 g6 4. Bg2 Bg7 5. d3 d6 6. Be3 Rb8 7. Nge2 b5 8. Qd2 b4 9. Nd1 Qb6 10. O-O e6 11. h3 Nge7 12. Bh6 O-O 13. Bxg7 Kxg7 14. Ne3 f5 15. exf5 exf5 16. Nf4 Ne5 17. Rfe1 N7c6 18. Nfd5 Qb7 19. Nc4 Qd7 20. f4 Nxc4 21. dxc4 Bb7 22. c3 a5 23. Re2 Rfe8 24. Rae1 Qf7 25. g4 Rxe2 26. Rxe2 Re8 27. Rxe8 Qxe8 28. g5 Nd8 29. Nf6 Qe6 30. Bd5 Qe7 31. cxb4 axb4 32. a3 Bxd5 33. cxd5 Nf7 34. axb4 cxb4 35. Kf2 Qa7+ 36. Qe3 Qa4 37. Qd3 b3 38. Qe3 Qc4 39. Ke1 Qc2 40. Qd2 Qc5 41. Ke2 Qc4+ 42. Kf2 Qc2 43. Qe2 Qc5+ 44. Kg2 Qd4 45. Qe8 Qxb2+ 46. Kg3 Qc3+ 47. Kh4 Nxg5 48. Qg8+ Kxf6 49. Qh8+ 1-0